00374nam a22001337a 450000500170000000800410001704100130005808200130007110000120008424500390009626000500013530000300018565000250021520240816085536.0240816b |||||||| |||| 00| 0 eng d aEnglish  a349 LAW  lEnglish aThe Law Reports: Probate Division  aLondon: bWilliam Clowes and Sons Ltd,c1891  bxix, 424 pages; c25 cm.  aLegal practice bLaw